书目信息 |
| 题名: |
回眸千古
|
|
| 作者: | 李端科 著 | |
| 分册: | ||
| 出版信息: | 呼和浩特 远方出版社 2015 |
|
| 页数: | 230页 | |
| 开本: | 23cm | |
| 丛书名: | ||
| 单 册: | ||
| 中图分类: | I247.53 , K828.5=422 | |
| 科图分类: | ||
| 主题词: | 传记小说--chuan ji xiao shuo--中国--现代 | |
| 电子资源: | ||
| ISBN: | 978-7-5555-0158-9 | |
| 000 | 00991nam0 22002771 450 | |
| 001 | 1730244300 | |
| 005 | 20170525101415.0 | |
| 010 | @a978-7-5555-0158-9@dCNY29.00 | |
| 100 | @a20150428d2015 em y0chiy50 ea | |
| 101 | 0 | @achi |
| 102 | @aCN@b150000 | |
| 105 | @ay z 000ad | |
| 106 | @ar | |
| 200 | 1 | @a回眸千古@Ahui mou qian gu@e杨贵妃@f李端科著 |
| 210 | @a呼和浩特@c远方出版社@d2015 | |
| 215 | @a230页@d23cm | |
| 300 | @a唐宫红颜系列 | |
| 330 | @a与杨贵妃的爱情故事广为流传,家喻户晓。本书从史实的角度,真实再现了唐明皇与杨贵妃鲜为人知的感情纠葛,突出刻画了杨贵妃倍受欺凌、思儿忆夫、忍辱偷生、精神近乎失常的有别于其他传说版本的女性形象,读来感人至深。 | |
| 517 | 1 | @a杨贵妃@Ayang gui fei |
| 600 | 0 | @a杨贵妃@Ayang gui fei@f(719-756)@x生平事迹 |
| 606 | 0 | @a传记小说@Achuan ji xiao shuo@y中国@z现代 |
| 690 | @aI247.53@v5 | |
| 690 | @aK828.5=422@v5 | |
| 701 | 0 | @a李端科@Ali duan ke@f(1930~)@4著 |
| 801 | 0 | @aCN@bTANG WEI@c20170510 |
| 905 | @b0967776-9@dI247.53@e3937@f4 | |
| 回眸千古:杨贵妃/李端科著.-呼和浩特:远方出版社,2015 |
| 230页;23cm |
| 唐宫红颜系列 |
| ISBN 978-7-5555-0158-9:CNY29.00 |
| 与杨贵妃的爱情故事广为流传,家喻户晓。本书从史实的角度,真实再现了唐明皇与杨贵妃鲜为人知的感情纠葛,突出刻画了杨贵妃倍受欺凌、思儿忆夫、忍辱偷生、精神近乎失常的有别于其他传说版本的女性形象,读来感人至深。 |
| ● |
| 相关链接 |
|
|
|
|
正题名:回眸千古
索取号:I247.53/3937
 
预约/预借
| 序号 | 登录号 | 条形码 | 馆藏地/架位号 | 状态 | 备注 |
| 1 | 0967776 | 209677768 | 第一样本阅览室/ [索取号:I247.53/3937] | 在馆 | |
| 2 | 0967777 | 209677777 | 第二借阅区/ [索取号:I247.53/3937] | 在馆 | |
| 3 | 0967778 | 209677786 | 第二借阅区/ [索取号:I247.53/3937] | 在馆 | |
| 4 | 0967779 | 209677795 | 第二借阅区/ [索取号:I247.53/3937] | 在馆 |